Music Theory - Statistics

General Stats
  • This quiz has been taken 845 times
    748 since last reset
  • The average score is 10 of 28
Answer Stats
Clue Answer % Correct
Meaning of 'forte' Loud
89%
The name of the period of music from c.1600-1750 Baroque
68%
A note half the length of a minim (half note) Crotchet
68%
Number of distinct sections in binary form 2
65%
Number of sharps in the key B minor 2
65%
Major key with 5 sharps B major
63%
Meaning of 'dolce' Sweet
62%
A piece for orchestra with a soloist Concerto
52%
Minor key with 3 flats C minor
49%
Male vocal range between tenor and bass Baritone
46%
Clef with middle C on the centre line Alto Clef
39%
Female vocal range between soprano and alto Mezzo soprano
38%
Acronym for the voices in a typical four-part choir SATB
38%
Five note scale which can be played on the black keys of a piano Pentatonic
37%
The dominant chord in G-flat major D-flat major
30%
Interval made up of 3 tones Tritone
28%
Mode which is the same as the natural minor scale Aeolian
27%
The first section of a piece in sonata form Exposition
27%
Genre of music most associated with Claude Debussy Impressionism
21%
Type of cadence with chords II-V Imperfect
19%
Type of chord which consists of three minor 3rds stacked on top of each other Diminished 7th
15%
Meaning of 'geschwind' Fast
12%
Italian instruction to play with the wood of the bow Col legno
8%
Note a compound minor 6th above G#4 E6
8%
Meaning of 'sul D' On the D string
7%
Name for chords I, IV and V collectively Primary chords
7%
Ending a minor piece on the major tonic chord Tierce de Picardie
6%
Another name for chord Ic Cadential 6/4
1%
No matching quizzes found
Score Distribution
Percent of People with Each Score
Percentile by Number Answered
Your Score History
You have not taken this quiz since the last reset